| 000 | 00323nam a22001337a 4500 | ||
|---|---|---|---|
| 082 |
_a894.812.3 _bVEN/M |
||
| 100 | _aVENNIYOOR, RASHEED | ||
| 245 | _aMAZHA THORUM MUNPE | ||
| 246 |
_aMAZHA THORUM MUNPE _bMAZHA THORUM MUNPE |
||
| 260 |
_aCALICUT _bMANDHARAM _c2025 |
||
| 300 | _a146 | ||
| 650 | _aMALAYALAM STORY | ||
| 942 | _cBK | ||
| 999 |
_c9138 _d9138 |
||